000 00341 a2200157 4500
001 154941
040 _cEscola São Tomás de Aquino
100 _aDREGUER, Ricardo
240 1 0 _aCiências Humanas 2
_lpor
245 1 0 _aCiências Humanas 2
300 _a171
362 0 _a2015
440 1 _aModerna
697 _aHISTÓRIA
942 _cBK
999 _c154941
_d154941